000 00654nam a2200253Ia 4500
005 20260121160853.0
008 008 260114s9999 xx 000 0 eng d
020 _a9781315556055
037 _aEBOOK
040 _aCRL
040 _beng
040 _cCRL
041 _2eng
041 _aeng
084 _qCRL
100 _a Jesudas M. Athyal; George Zachariah; Monica Melanchthon
_91037370
245 4 _aThe Life, Legacy and Theology of M. M. Thomas
260 _bTaylor and Francis
260 _c2016
856 _uhttp://www.taylorfrancis.com/books/9781315556055
942 _cEBOOK
999 _c1604186
_d1604186